000 00569nam a22001937a 4500
003 BUBTL
008 170527b xxu||||| |||| 00| 0 eng d
020 _a978-1-84569-295-7
082 _a677FAA
100 _91228
_aFairhurst,Catherine
245 _aAdvances in Apparel Production
260 _aCambridge
_bWoodhead Publishing Limited
_cc2008
300 _a[xvi],311p.
_bills.;graps.
_c21cm.
650 0 _9909
_aTextile Engineering
700 _91229
_aFairhurst,Catherine
856 _k0
_l0
_yDownload
942 _2ddc
_cBK
999 _c5464
_d5464